Nová sociální smlouva – klíč k politické legitimitě evropské integrace

Náčrt historického vývoja sociálnej dimenzie Európskej únie vo všeobecnosti a v bývalých krajinách komunistického bloku, ktoré rozšírili rady Európskej únie. Pojem Európsky sociálny model. Námety na posilnenie sociálnej dimenzie eurrópskej integrácie ako podmienky udržateľnej politickej legitimity....

Ausführliche Beschreibung

Gespeichert in:
Bibliographische Detailangaben
1. Verfasser: Potůček, Martin
Format: Buchkapitel
Sprache:Tschechisch
Schlagworte:
Tags: Tag hinzufügen
Keine Tags, Fügen Sie das erste Tag hinzu!

MARC

LEADER 00000naa a2200000 4500
001 0178537
005 20220713130805.8
041 0 |a cze 
044 |a CZ 
245 1 0 |a Nová sociální smlouva – klíč k politické legitimitě evropské integrace  |c Martin Potůček 
520 |a Náčrt historického vývoja sociálnej dimenzie Európskej únie vo všeobecnosti a v bývalých krajinách komunistického bloku, ktoré rozšírili rady Európskej únie. Pojem Európsky sociálny model. Námety na posilnenie sociálnej dimenzie eurrópskej integrácie ako podmienky udržateľnej politickej legitimity. . 
610 2 0 |a Európska únia 
610 2 0 |a integrácia ekonomická medzinárodná 
610 2 0 |a politika sociálna 
610 2 0 |a globalizácia 
610 2 0 |a história 
610 2 0 |a spolupráca hospodárska medzinárodná 
100 1 |a Potůček, Martin